Synthesis of iron-, cobalt- and molybdenum- containing metalloproteins from recombinant D. gigas apoferredoxin /
محفوظ في:
| المؤلف الرئيسي: | |
|---|---|
| التنسيق: | أطروحة كتاب |
| اللغة: | English |
| منشور في: |
1997.
|
| الموضوعات: | |
| الوسوم: |
إضافة وسم
لا توجد وسوم, كن أول من يضع وسما على هذه التسجيلة!
|
| LEADER | 00786cam a2200229 a 4500 | ||
|---|---|---|---|
| 001 | u437257 | ||
| 003 | SIRSI | ||
| 008 | 990327s1997 si v 00 1 eng m | ||
| 035 | |a ACG-8715 | ||
| 040 | |a UMM | ||
| 090 | |a QP552 |b M46Lia | ||
| 100 | 1 | 0 | |a Liang, Li. |
| 245 | 1 | 0 | |a Synthesis of iron-, cobalt- and molybdenum- containing metalloproteins from recombinant D. gigas apoferredoxin / |c by Liang Li. |
| 260 | |c 1997. | ||
| 300 | |a viii, 102 leaves : |b ill. ; |c 30 cm. | ||
| 502 | |a Dissertation (M.Sc.) -- National University of Singapore, 1997. | ||
| 504 | |a Includes bibliographical references. | ||
| 650 | 0 | |a Metalloproteins. | |
| 650 | 0 | |a Molybdenum |x Synthesis | |
| 948 | |a 27/03/1999 |b 15/09/1999 | ||
| 596 | |a 1 | ||
| 999 | |a QP552 M46LIA |w LC |c 1 |i A508383879 |l STACKS |m P01UTAMA |r Y |s Y |t TESIS |u 24/9/1999 | ||
